000 06766nam a22006257a 4500
005 20090911140726.0
008 090120t xxu||||| |||| 00| 0 eng d
010 _aB-328993-329021 B-357582
020 _a9788190696333
_c150.00
035 _aB-328993-329021
035 _aB-357582
037 _bKalyani Navyug Media
040 _aDPL
_bEnglish
082 _2S
100 _aVerne, Jules
245 _aA journey to the centre of the earth /
_cby Jules Verne; illustrated by Vinod Kumar
260 _aNew Delhi
_bKalyani Navyug Media Pvt. Ltd.
_c2009
270 _a101 C, Shiv House, Hari Nagar Ashram
_bNew Delhi
300 _a68p.
_bill.
_c27cm. (pbk)
650 _aComics
700 _aVinod Kumar
942 _2ddc
_cCH
_hS
_mVER
999 _c21812
_d21812